000 00481nab a2200145Ia 4500
003 ES-SlBCS
005 20210601130449.0
008 140529s1962 xxu||||| |||| 00| 0 fre d
041 _afre
100 1 _aSaint-Robert, Philippe de
_9173297
245 0 0 _aMontherlant ou le voyage au bout du jour
_c Philippe de Saint-Robert
650 0 4 _aMontherland-Un Viajero Solitario
_9173298
773 0 _tGiornali di Metafisica
_gvol. 17, nº. 1-2, 1962, págs. 130-134
_w0017-0372
942 _cAR
999 _c547113
_d547113